00202    a2200109   4500003000500000005001700005040000900022082001100031245001900042440001900061538001200080Nust20170207154223.0  cNust  a371.33  aBlank (VHS-21)  aBlank (VHS-21)  aVHS-110